| 000 | 00976pam a2200277 i 4500 | ||
|---|---|---|---|
| 001 | 881997 | ||
| 003 | ARRUPE | ||
| 005 | 20211007133905.0 | ||
| 008 | 800421r1980 nyu b 001 0 eng | ||
| 010 | _a 80016255 | ||
| 020 | _a0891975780 | ||
| 040 |
_aDLC _cDLC _dDLC |
||
| 050 | 1 | 0 |
_aBD175 _b.B4 1980 |
| 082 | 0 | 0 | _a306/.4 |
| 100 | 1 |
_aBerger, Peter L., _d1929-2017. _950322 |
|
| 245 | 1 | 4 |
_aThe social construction of reality : _ba treatise in the sociology of knowledge / _cby Peter L. Berger and Thomas Luckmann. |
| 250 | _a1st Irvington ed. | ||
| 260 |
_aNew York : _bIrvington Publishers, _c1980, c1966. |
||
| 300 |
_avii, 203 p. ; _c22 cm. |
||
| 500 | _aReprint of the ed. published by Doubleday, Garden City, N.Y. | ||
| 504 | _aIncludes bibliographical references and index. | ||
| 650 | 0 |
_aKnowledge, Sociology of. _99945 |
|
| 700 | 1 |
_aLuckmann, Thomas, _ejoint author. _950323 |
|
| 906 |
_a7 _bcbc _corignew _d1 _eocip _f19 _gy-gencatlg |
||
| 942 |
_2lcc _cMONOGRAPH |
||
| 999 |
_c130707 _d130707 |
||